Handbook of dairy products
Gorde:
| Egile nagusia: | |
|---|---|
| Formatua: | Liburua |
| Hizkuntza: | ingelesa |
| Argitaratua: |
Discovery Publishers
2012.
|
| Etiketak: |
Etiketa erantsi
Etiketarik gabe, Izan zaitez lehena erregistro honi etiketa jartzen!
|
MARC
| LEADER | 00000nam a22000007a 4500 | ||
|---|---|---|---|
| 008 | 201210b ||||| |||| 00| 0 eng d | ||
| 020 | |a ISBN: 978-93-5056-006-8 | ||
| 100 | |a KUMAR, Ashok | ||
| 245 | |a Handbook of dairy products |c Ashok Kumar |g . 241p | ||
| 260 | |b Discovery Publishers |c 2012. |h New Delhi |i 683756 |l SF250 .K95 |m Dairy products – handbooks, manuals, etc | ||
| 500 | |a “It includes index”. | ||
| 942 | |a lcc |c BK |e Olagoke, M A |f 19/12/2020 | ||
| 952 | |0 0 |1 0 |2 lcc |4 0 |6 SF0250 K95 |7 0 |9 358 |a HOL |b HOL |c QZ |d 2020-12-10 |l 0 |o SF250 .K95 |p 2020-2093 |r 2020-12-10 00:00:00 |w 2020-12-10 |y BK | ||
| 999 | |c 172 |d 172 | ||